Buslinien Luzern #1 - Statistiken

Allgemein
  • Dieses Quiz wurde 36 mal gespielt
  • Das Durchschnittsergebnis liegt bei 25 aus 106
Antwortstatistiken
Buslinie Haltestelle % Korrekt
Kantonalbank
65%
Pilatusplatz
61%
Schwanenplatz
61%
Busschleife
48%
Luzernerhof
48%
Paulusplatz
48%
Bahnhof Luzern
43%
1 Ebikon, Fildern
39%
Eichhof
39%
Löwen
39%
Löwenplatz
39%
Bundesplatz
35%
Kasernenplatz
35%
Obernau, Dorf
30%
Verkehrshaus/Lido
30%
Gütsch
26%
Hofmatt
26%
Schlossberg
26%
Weinbergli
26%
Bahnhof Ebikon
22%
Eisfeldstrasse
22%
Matthof
22%
Moosegg
22%
Schappe-Center
22%
Schindler
22%
Wartegg
22%
Werkhofstrasse
22%
Wesemlinrain
22%
Alpenstrasse
17%
Bahnhof Emmenbrücke
17%
Europe
17%
Feldmühle
17%
Hubelmatt
17%
Schiff
17%
Schönbühl
17%
Sprengi
17%
Stampfeli
17%
Brüelstrasse
13%
Büttenen
13%
6 Büttenenhalde
13%
Casino Palace
13%
Dietschiberg
13%
Fluhmühle
13%
Frohburg
13%
Grosshofstrasse
13%
Hirzenhof
13%
Kreuzstutz
13%
Kupferhammer
13%
Ladengasse
13%
Luzern, Maihof
13%
Maihofmatte-Rotsee
13%
Mönchweg
13%
Pulvermühle
13%
Sonnenplatz
13%
Steghof
13%
St. Klemens
13%
Tiefe
13%
Weggismatt
13%
Zentrum Pilatus
13%
Bahnhof Emmenbrücke Süd
9%
Breitenlachen
9%
Brünigstrasse
9%
Hammerschmiede
9%
Hofmatt-Bellpark
9%
Schachenstrasse
9%
Viscosistadt
9%
Eggen
4%
Falken
4%
Giseli
4%
Haldensteig
4%
Hünenberg
4%
Krauerstrasse
4%
Oberseeburg
4%
Oberseeburghöhe
4%
Schachenweid
4%
Schmiedhof
4%
Weichlen
0%
Keine übereinstimmenden Quizze gefunden
Verteilung der Resultate
Anzahl Personen mit jedem Resultat
Perzentil nach korrekt beantworteten Fragen
Ihre Resultats-Entwicklung
Sie haben dieses Quiz noch nicht gespielt